[Event "New York Marshall GM-A 07"]
[Site "New York"]
[Date "2025.07.13"]
[Round "9"]
[White "Zeltsan, Joseph"]
[Black "Putnam, Liam H"]
[Result "1-0"]
[WhiteElo "2379"]
[BlackElo "2462"]
[PlyCount "91"]
[EventDate "2025.07.09"]
[EventType "tourn"]
[EventRounds "9"]
[EventCountry "USA"]
[EventCategory "8"]
[SourceTitle "CB29_2025"]
[SourceDate "2025.07.16"]
[SourceVersion "1"]
[SourceVersionDate "2025.07.16"]
[SourceQuality "1"]

1. e4 e5 2. Nf3 Nc6 3. Bb5 a6 4. Ba4 Nf6 5. 0-0 Nxe4 6. d4 b5 7. Bb3 d5 8. dxe5 Be6 9. Nbd2 Nc5 10. c3 Be7 11. Bc2 d4 12. cxd4 Nxd4 13. Nxd4 Qxd4 14. Nf3 Qd5 15. Be3 Rd8 16. Qb1 Bg4 17. Rd1 Qa8 18. Rxd8+ Qxd8 19. Nd4 Qd5 20. f4 g6 21. a3 Ne6 22. Bb3 Qd7 23. Nxe6 Bxe6 24. Bxe6 Qxe6 25. Qe4 0-0 26. Rc1 c5 27. Bxc5 Rc8 28. Qe3 Bxc5 29. Rxc5 Rxc5 30. Qxc5 Qf5 31. Qd4 Qb1+ 32. Kf2 Qc2+ 33. Kg3 a5 34. h3 a4 35. Kh2 Qe2 36. Kg3 Qe1+ 37. Kg4 h5+ 38. Kg5 Qc1 39. Kh6 Qc8 40. Qd6 Qe8 41. g4 hxg4 42. hxg4 Qc8 43. e6 fxe6 44. Qe7 Qf8+ 45. Qxf8+ Kxf8 46. Kxg6 1-0

[Event "New York Marshall GM-A 07"]
[Site "New York"]
[Date "2025.07.10"]
[Round "3"]
[White "Tian, Eddy"]
[Black "Putnam, Liam H"]
[Result "0-1"]
[WhiteElo "2413"]
[BlackElo "2462"]
[PlyCount "94"]
[EventDate "2025.07.09"]
[EventType "tourn"]
[EventRounds "9"]
[EventCountry "USA"]
[EventCategory "8"]
[SourceTitle "CB29_2025"]
[SourceDate "2025.07.16"]
[SourceVersion "1"]
[SourceVersionDate "2025.07.16"]
[SourceQuality "1"]

1. d4 Nf6 2. Nf3 d5 3. c4 e6 4. Bg5 h6 5. Bxf6 Qxf6 6. Nc3 c6 7. e3 g6 8. Rc1 Nd7 9. Bd3 Bg7 10. 0-0 0-0 11. b4 Qe7 12. cxd5 cxd5 13. Qb3 a5 14. b5 Nb6 15. Na4 Nxa4 16. Qxa4 Bd7 17. Ne5 Rfc8 18. Rxc8+ Bxc8 19. Rc1 Bxe5 20. dxe5 Bd7 21. h4 h5 22. g3 Qd8 23. Qa3 Rc8 24. Rxc8 Bxc8 25. Qc5 b6 26. Qc6 Kf8 27. e4 Kg7 28. Kf1 dxe4 29. Qxe4 Bb7 30. Qe3 Qd5 31. Ke1 Qxa2 32. Qxb6 Qa1+ 33. Kd2 Qb2+ 34. Ke3 Qxe5+ 35. Kd2 Qb2+ 36. Ke3 Qc1+ 37. Ke2 Bg2 38. Qd4+ Kh7 39. Qd7 Qf1+ 40. Ke3 Qe1+ 41. Be2 Qc3+ 42. Bd3 Qc5+ 43. Ke2 Kg7 44. f4 a4 45. b6 a3 46. b7 Qb4 47. f5 exf5 0-1

[Event "Philadelphia op 18th"]
[Site "Philadelphia"]
[Date "2025.06.29"]
[Round "7"]
[White "Sun, Ryan"]
[Black "Putnam, Liam H"]
[Result "0-1"]
[WhiteElo "2346"]
[BlackElo "2462"]
[PlyCount "80"]
[EventDate "2025.06.26"]
[EventType "swiss"]
[EventRounds "9"]
[EventCountry "USA"]
[SourceTitle "CB28_2025"]
[SourceDate "2025.07.09"]
[SourceVersion "1"]
[SourceVersionDate "2025.07.09"]
[SourceQuality "1"]

1. d4 Nf6 2. c4 e6 3. g3 d5 4. Bg2 Be7 5. Nf3 0-0 6. 0-0 dxc4 7. Qc2 b5 8. a4 b4 9. Nfd2 Nd5 10. Nxc4 c5 11. dxc5 Ba6 12. Rd1 Nd7 13. e4 N5f6 14. e5 Nd5 15. Ne3 Rc8 16. Nxd5 exd5 17. Be3 Bxc5 18. Bxc5 Nxc5 19. Bxd5 Nd3 20. Qb3 Rc5 21. Be4 Nc1 22. Rxd8 Nxb3 23. Bxh7+ Kxh7 24. Rxf8 Nxa1 25. Nd2 Rd5 26. Ne4 Rd1+ 27. Kg2 Bb7 28. f3 Bxe4 29. fxe4 Kg6 30. h4 Rd7 31. Kf3 Nb3 32. Kg4 Kh7 33. h5 Nc5 34. Rb8 Rb7 35. Rc8 Nxa4 36. b3 Nc3 37. Kf3 a5 38. g4 g5 39. hxg6+ Kxg6 40. Rc6+ Kg7 0-1

[Event "Charlotte Spring GM-A"]
[Site "Charlotte"]
[Date "2025.04.20"]
[Round "8"]
[White "Amburgy, Ryan"]
[Black "Putnam, Liam H"]
[Result "1/2-1/2"]
[WhiteElo "2266"]
[BlackElo "2419"]
[PlyCount "36"]
[EventDate "2025.04.16"]
[EventType "tourn"]
[EventRounds "9"]
[EventCountry "USA"]
[EventCategory "6"]
[SourceTitle "CB17_2025"]
[SourceDate "2025.04.23"]
[SourceVersion "1"]
[SourceVersionDate "2025.04.23"]
[SourceQuality "1"]

1. d4 Nf6 2. c4 e6 3. g3 d5 4. Bg2 Bb4+ 5. Nd2 0-0 6. Ngf3 b6 7. 0-0 Bb7 8. Ne5 Be7 9. b3 c5 10. cxd5 Bxd5 11. Bb2 cxd4 12. Ndf3 Qc8 13. Nxd4 Bxg2 14. Kxg2 Qb7+ 15. Kg1 Rd8 16. Qd3 Bc5 17. Rfd1 Bxd4 18. Bxd4 Nbd7 1/2-1/2

[Event "Charlotte Spring GM-A"]
[Site "Charlotte"]
[Date "2025.04.18"]
[Round "4"]
[White "Panchanathan, Magesh Chandran"]
[Black "Putnam, Liam H"]
[Result "0-1"]
[WhiteElo "2458"]
[BlackElo "2419"]
[PlyCount "102"]
[EventDate "2025.04.16"]
[EventType "tourn"]
[EventRounds "9"]
[EventCountry "USA"]
[EventCategory "6"]
[SourceTitle "CB17_2025"]
[SourceDate "2025.04.23"]
[SourceVersion "1"]
[SourceVersionDate "2025.04.23"]
[SourceQuality "1"]

1. Nf3 Nf6 2. g3 g6 3. Bg2 Bg7 4. c4 0-0 5. 0-0 d6 6. Nc3 e5 7. d3 Re8 8. h3 c6 9. Be3 Nbd7 10. Rc1 a5 11. Kh2 h6 12. Qd2 Kh7 13. Rfd1 d5 14. cxd5 Nxd5 15. Nxd5 cxd5 16. Qc2 Nf8 17. Qc7 Ne6 18. Qxd8 Rxd8 19. Bb6 Rd6 20. Bc7 Nxc7 21. Rxc7 Be6 22. Rxb7 Raa6 23. Rc1 Rab6 24. Rcc7 Rxb7 25. Rxb7 Rc6 26. Ng1 Rc2 27. a4 e4 28. dxe4 dxe4 29. Bxe4 Rc4 30. Bd3 Rxa4 31. b3 Rd4 32. h4 Rxh4+ 33. gxh4 Be5+ 34. Kg2 Bd5+ 35. Nf3 Bxb7 36. h5 Bc3 37. Bc4 g5 38. Kg3 Kg7 39. e3 f5 40. Ng1 Bc6 41. Ne2 Bb2 42. Kh2 Bf3 43. Ng3 Be5 44. Kh3 Bxg3 45. Kxg3 Bxh5 46. Bd3 Kf6 47. f4 Bf7 48. fxg5+ hxg5 49. Bc2 Ke5 50. Kf2 Bd5 51. Bd1 Kd6 0-1

[Event "Charlotte Spring GM-A"]
[Site "Charlotte"]
[Date "2025.04.17"]
[Round "2"]
[White "Johnson, Donald"]
[Black "Putnam, Liam H"]
[Result "0-1"]
[WhiteElo "2362"]
[BlackElo "2419"]
[PlyCount "102"]
[EventDate "2025.04.16"]
[EventType "tourn"]
[EventRounds "9"]
[EventCountry "USA"]
[EventCategory "6"]
[SourceTitle "CB17_2025"]
[SourceDate "2025.04.23"]
[SourceVersion "1"]
[SourceVersionDate "2025.04.23"]
[SourceQuality "1"]

1. e4 c5 2. Nf3 d6 3. d4 cxd4 4. Nxd4 Nf6 5. Nc3 a6 6. Be3 e5 7. Nf3 Be7 8. Bc4 0-0 9. 0-0 h6 10. Qd3 Nc6 11. a3 b5 12. Ba2 Be6 13. Nd5 Bxd5 14. Bxd5 Nxd5 15. Qxd5 Qc7 16. b4 Bf6 17. Qd3 Ne7 18. Nd2 Rac8 19. Rfc1 d5 20. exd5 Rfd8 21. Ne4 Nxd5 22. Bc5 Bg5 23. Nxg5 hxg5 24. Qf5 f6 25. Qe6+ Kh7 26. Qxa6 Qd7 27. c4 Nf4 28. Rf1 Qg4 29. Qb7 bxc4 30. Qe4+ f5 31. Qf3 Qxf3 32. gxf3 c3 33. Be3 Ne2+ 34. Kg2 f4 35. Bc1 Rd3 36. a4 g4 37. fxg4 f3+ 38. Kh1 c2 39. Bb2 Rcd8 40. h4 Rd1 41. Kh2 Rxf1 42. Rxf1 Rd1 43. Rh1 e4 44. g5 e3 45. g6+ Kxg6 46. h5+ Kxh5 47. fxe3 Kg4 48. a5 Rxh1+ 49. Kxh1 Kh3 50. a6 f2 51. a7 Ng3# 0-1

[Event "Charlotte Spring GM-A"]
[Site "Charlotte"]
[Date "2025.04.17"]
[Round "3"]
[White "Putnam, Liam H"]
[Black "Nagy, Gabor"]
[Result "1/2-1/2"]
[WhiteElo "2419"]
[BlackElo "2456"]
[PlyCount "67"]
[EventDate "2025.04.16"]
[EventType "tourn"]
[EventRounds "9"]
[EventCountry "USA"]
[EventCategory "6"]
[SourceTitle "CB17_2025"]
[SourceDate "2025.04.23"]
[SourceVersion "1"]
[SourceVersionDate "2025.04.23"]
[SourceQuality "1"]

1. e4 e5 2. Nf3 Nc6 3. Bb5 a6 4. Ba4 Nf6 5. 0-0 Be7 6. Re1 b5 7. Bb3 d6 8. c3 0-0 9. h3 Bb7 10. d4 Re8 11. Ng5 Rf8 12. Nf3 Re8 13. Nbd2 Bf8 14. a3 h6 15. Ba2 a5 16. Qb3 Qd7 17. Qxb5 exd4 18. cxd4 d5 19. Bxd5 Rab8 20. Ba2 Nxd4 21. Qxd7 Nxf3+ 22. gxf3 Nxd7 23. Nc4 Ba6 24. Rd1 Nc5 25. Nxa5 Be2 26. Rd5 Bxf3 27. Rf5 Bxe4 28. Bxf7+ Kh7 29. Bxe8 Bxf5 30. Bc6 Ne6 31. Be3 Rxb2 32. a4 Rc2 33. Bg2 Nc5 34. Bd5 1/2-1/2

[Event "New York Spring GM"]
[Site "New York"]
[Date "2025.03.30"]
[Round "6"]
[White "Putnam, Liam H"]
[Black "Adewumi, Tanitoluwa"]
[Result "1-0"]
[WhiteElo "2411"]
[BlackElo "2362"]
[PlyCount "107"]
[EventDate "2025.03.27"]
[EventType "tourn"]
[EventRounds "9"]
[EventCountry "USA"]
[EventCategory "6"]
[SourceTitle "CB15_2025"]
[SourceDate "2025.04.09"]
[SourceVersion "1"]
[SourceVersionDate "2025.04.09"]
[SourceQuality "1"]

1. e4 c5 2. Nf3 e6 3. c3 Nf6 4. e5 Nd5 5. a3 d6 6. d4 cxd4 7. c4 Nb6 8. Bg5 Be7 9. Bxe7 Qxe7 10. exd6 Qxd6 11. Qxd4 Qxd4 12. Nxd4 Ke7 13. Nc3 Rd8 14. 0-0-0 a5 15. c5 Nd5 16. Nf5+ Kf6 17. Ne3 Nc6 18. Nexd5+ exd5 19. Nxd5+ Kg5 20. Bb5 Bf5 21. h4+ Kh6 22. Bxc6 bxc6 23. Ne7 Be6 24. Rxd8 Rxd8 25. Rd1 Rb8 26. Nxc6 Rc8 27. Rd6 a4 28. Kd2 Kh5 29. Kc3 Kxh4 30. Kd4 Kg4 31. Nb4 g5 32. c6 h5 33. Nd5 h4 34. Nb6 Rc7 35. Kc5 Kh5 36. Rd4 Ra7 37. f3 g4 38. fxg4+ Bxg4 39. Nd7 Kg5 40. Kb6 Ra8 41. c7 Rh8 42. Kb7 f5 43. Ne5 Rh7 44. Nxg4 fxg4 45. Kb8 Rh8+ 46. Rd8 Rh6 47. c8Q Rb6+ 48. Ka7 Rxb2 49. Qc5+ Kf4 50. Qd4+ Kg3 51. Qxb2 Kh2 52. g3+ Kh3 53. Qf2 hxg3 54. Rh8# 1-0

[Event "New York State Scholastic-ch"]
[Site "New York"]
[Date "2025.03.16"]
[Round "6"]
[White "Chasin, Nico Werner"]
[Black "Putnam, Liam H"]
[Result "1-0"]
[WhiteElo "2503"]
[BlackElo "2499"]
[PlyCount "61"]
[EventDate "2025.03.15"]
[EventType "swiss"]
[EventRounds "6"]
[EventCountry "USA"]
[SourceTitle "CB12_2025"]
[SourceDate "2025.03.19"]
[SourceVersion "1"]
[SourceVersionDate "2025.03.19"]
[SourceQuality "1"]

1. c4 e5 2. g3 Nf6 3. Bg2 Nc6 4. Nc3 Bb4 5. Nd5 a5 6. Nf3 0-0 7. 0-0 e4 8. Nh4 Re8 9. e3 Bf8 10. f3 Nxd5 11. cxd5 exf3 12. Qxf3 Ne5 13. Qf2 f6 14. d4 Nd3 15. Qd2 Nxc1 16. Raxc1 d6 17. Rc3 Bd7 18. Qc2 Rc8 19. Rc1 g6 20. Bf3 c5 21. dxc6 bxc6 22. Bxc6 Bxc6 23. Rxc6 Rxc6 24. Qb3+ Kh8 25. Rxc6 Qa8 26. d5 Qb8 27. Qc3 Qb5 28. Rc7 Bg7 29. Qc6 Qxc6 30. dxc6 Bh6 31. Ng2 1-0

[Event "New York State Scholastic-ch"]
[Site "New York"]
[Date "2025.03.15"]
[Round "1"]
[White "Putnam, Liam H"]
[Black "Panjwani, Ateeq Aslam"]
[Result "1-0"]
[WhiteElo "2499"]
[BlackElo "1866"]
[PlyCount "71"]
[EventDate "2025.03.15"]
[EventType "swiss"]
[EventRounds "6"]
[EventCountry "USA"]
[SourceTitle "CB12_2025"]
[SourceDate "2025.03.19"]
[SourceVersion "1"]
[SourceVersionDate "2025.03.19"]
[SourceQuality "1"]

1. e4 e5 2. Nf3 Nc6 3. Bb5 a6 4. Ba4 b5 5. Bb3 Be7 6. 0-0 Nf6 7. Re1 0-0 8. a4 b4 9. a5 d6 10. d3 Bg4 11. Nbd2 Kh8 12. h3 Bh5 13. c3 Rb8 14. Bc4 bxc3 15. bxc3 Qc8 16. Nf1 Nd7 17. Ng3 Bg6 18. d4 f5 19. exf5 Bxf5 20. Nxf5 Rxf5 21. Qd3 Nf6 22. Bxa6 Qd7 23. dxe5 dxe5 24. Qxd7 Nxd7 25. Bd3 Rff8 26. Be4 Na7 27. Be3 c5 28. Rab1 Nf6 29. Bb7 Bd6 30. Red1 Rfd8 31. Ng5 Kg8 32. Ne6 Rd7 33. a6 Nc8 34. Bxc5 Bxc5 35. Nxc5 Rc7 36. Bd5+ 1-0

[Event "New York President's Day GM-A"]
[Site "New York"]
[Date "2025.02.17"]
[Round "9"]
[White "Nagy, Gabor"]
[Black "Putnam, Liam H"]
[Result "1/2-1/2"]
[WhiteElo "2472"]
[BlackElo "2402"]
[PlyCount "119"]
[EventDate "2025.02.14"]
[EventType "tourn"]
[EventRounds "9"]
[EventCountry "USA"]
[EventCategory "6"]
[SourceTitle "CB08_2025"]
[SourceDate "2025.02.19"]
[SourceVersion "1"]
[SourceVersionDate "2025.02.19"]
[SourceQuality "1"]

1. d4 Nf6 2. c4 e6 3. Nf3 d5 4. g3 dxc4 5. Qa4+ Nbd7 6. Bg2 a6 7. Qxc4 b5 8. Qc6 Rb8 9. 0-0 Bb7 10. Qc2 c5 11. dxc5 Bxc5 12. Nc3 0-0 13. a3 Qe7 14. Bg5 Rfc8 15. Rad1 h6 16. Bxf6 Nxf6 17. Ne5 Bxg2 18. Kxg2 Bd6 19. Nf3 Bxa3 20. bxa3 Qxa3 21. Rd3 b4 22. Rb1 bxc3 23. Rxb8 Rxb8 24. Rxc3 Qf8 25. Ne5 Nd5 26. Rf3 Rb7 27. Qc6 Ra7 28. Rb3 Qa8 29. e4 Nf6 30. f3 a5 31. Qd6 Rb7 32. Rxb7 Qxb7 33. Qd8+ Kh7 34. Qxa5 Qb2+ 35. Kg1 Qb1+ 36. Kg2 Qc2+ 37. Kg1 Qd1+ 38. Kg2 Qe2+ 39. Kg1 Nd5 40. exd5 Qxe5 41. Qa7 exd5 42. Qxf7 d4 43. Qd7 Qe1+ 44. Kg2 Qe2+ 45. Kh3 d3 46. Qf5+ Kg8 47. Qc8+ Kf7 48. Qd7+ Kf6 49. Qd4+ Ke7 50. Qc5+ Kd7 51. Qd5+ Ke8 52. Qc6+ Ke7 53. Qc5+ Ke6 54. Qc4+ Kd7 55. Qd5+ Ke8 56. Qc6+ Kf7 57. Qd7+ Kf6 58. Qd4+ Kf5 59. Qf4+ Kg6 60. Qg4+ 1/2-1/2

[Event "New York President's Day GM-A"]
[Site "New York"]
[Date "2025.02.14"]
[Round "1"]
[White "Putnam, Liam H"]
[Black "Stearman, Josiah P"]
[Result "1/2-1/2"]
[WhiteElo "2402"]
[BlackElo "2439"]
[PlyCount "133"]
[EventDate "2025.02.14"]
[EventType "tourn"]
[EventRounds "9"]
[EventCountry "USA"]
[EventCategory "6"]
[SourceTitle "CB08_2025"]
[SourceDate "2025.02.19"]
[SourceVersion "1"]
[SourceVersionDate "2025.02.19"]
[SourceQuality "1"]

1. e4 c5 2. Nf3 d6 3. d4 cxd4 4. Nxd4 Nf6 5. Nc3 Nc6 6. Bg5 e6 7. Qd3 Bd7 8. 0-0-0 a6 9. f4 Be7 10. Nf3 Qa5 11. Bxf6 gxf6 12. Qe3 Rc8 13. Kb1 Qc5 14. Qxc5 dxc5 15. Na4 Rd8 16. Nb6 Rg8 17. g3 Nd4 18. Nxd4 cxd4 19. Rxd4 Bc6 20. Rxd8+ Bxd8 21. Nc4 h5 22. Bd3 Bc7 23. Rf1 h4 24. gxh4 Rg4 25. f5 Ke7 26. Nd2 Rxh4 27. Nf3 Rf4 28. Nd2 Rg4 29. h3 Rh4 30. Rf3 Bf4 31. Nb3 Bg5 32. a3 b6 33. fxe6 fxe6 34. Rg3 Bxe4 35. Bxa6 Bf5 36. Bf1 e5 37. Nc1 Rd4 38. Bd3 e4 39. Be2 Rd6 40. b4 Ke6 41. a4 Bd2 42. Rb3 Ke5 43. a5 bxa5 44. bxa5 Bxa5 45. Rb5+ Rd5 46. Rxd5+ Kxd5 47. c4+ Ke5 48. Bf1 Be6 49. Kc2 f5 50. h4 f4 51. c5 f3 52. h5 Kf6 53. c6 Kg5 54. Nb3 Bxb3+ 55. Kxb3 e3 56. Kc2 e2 57. Bxe2 fxe2 58. c7 e1Q 59. c8Q Qe4+ 60. Kc1 Qe3+ 61. Kc2 Qe2+ 62. Kb1 Qb5+ 63. Kc1 Qf1+ 64. Kb2 Qf6+ 65. Kb1 Qb6+ 66. Ka2 Qf2+ 67. Kb1 1/2-1/2

[Event "Titled Tuesday intern op 28th Jan Early"]
[Site "Chess.com INT"]
[Date "2025.01.28"]
[Round "2"]
[White "Hungaski, Robert Andrew"]
[Black "Putnam, Liam H"]
[Result "1-0"]
[WhiteElo "2477"]
[BlackElo "2397"]
[PlyCount "63"]
[EventDate "2025.01.28"]
[EventType "swiss (blitz)"]
[EventRounds "11"]
[EventCountry "USA"]
[SourceTitle "CB06_2025"]
[SourceDate "2025.02.05"]
[SourceVersion "1"]
[SourceVersionDate "2025.02.05"]
[SourceQuality "1"]

1. c3 e5 2. g3 d5 3. d4 e4 4. h4 Nf6 5. Nh3 c5 6. Bg5 Nc6 7. e3 Qb6 8. Qb3 c4 9. Qc2 Ng4 10. Nd2 h6 11. Bf4 Be7 12. b3 cxb3 13. axb3 g5 14. b4 gxf4 15. Nxf4 Nf6 16. b5 Nd8 17. c4 Bb4 18. c5 Qc7 19. Qa4 Bxd2+ 20. Kxd2 Bd7 21. Qb3 Be6 22. b6 Qb8 23. Bb5+ Kf8 24. Qa3 Kg7 25. bxa7 Qc8 26. Qa5 Bd7 27. Rhb1 Nc6 28. Qb6 Qd8 29. Qxd8 Na5 30. Qxa5 Bxb5 31. Qxb5 Rhd8 32. Qxb7 1-0

[Event "Titled Tuesday intern op 28th Jan Early"]
[Site "Chess.com INT"]
[Date "2025.01.28"]
[Round "1"]
[White "Putnam, Liam H"]
[Black "Gasparyan, Davit"]
[Result "1-0"]
[WhiteElo "2397"]
[BlackElo "2263"]
[PlyCount "65"]
[EventDate "2025.01.28"]
[EventType "swiss (blitz)"]
[EventRounds "11"]
[EventCountry "USA"]
[SourceTitle "CB06_2025"]
[SourceDate "2025.02.05"]
[SourceVersion "1"]
[SourceVersionDate "2025.02.05"]
[SourceQuality "1"]

1. e4 c5 2. Nf3 g6 3. c3 Nf6 4. e5 Nd5 5. d4 cxd4 6. Bc4 Nb6 7. Bb3 d5 8. exd6 Qxd6 9. 0-0 Bg7 10. cxd4 0-0 11. Nc3 Bg4 12. h3 Bxf3 13. Qxf3 Nc6 14. Bf4 Nxd4 15. Qe4 Qf6 16. Rfe1 Rac8 17. Be3 e5 18. Qxb7 Nc4 19. Nd5 Qd8 20. Ne7+ Kh8 21. Nxc8 Na5 22. Qxa7 Naxb3 23. axb3 Qxc8 24. Rac1 Qf5 25. b4 Nc2 26. Red1 Kg8 27. b5 Qe4 28. Rd7 Nd4 29. Bxd4 exd4 30. b6 d3 31. Rd1 Qb4 32. b7 Qb3 33. R7xd3 1-0

[Event "Titled Tuesday intern op 14th Jan Early"]
[Site "Chess.com INT"]
[Date "2025.01.14"]
[Round "2"]
[White "Putnam, Liam H"]
[Black "Arias, Lemnys A"]
[Result "1-0"]
[WhiteElo "2397"]
[BlackElo "2216"]
[PlyCount "27"]
[EventDate "2025.01.14"]
[EventType "swiss (blitz)"]
[EventRounds "11"]
[EventCountry "USA"]
[SourceTitle "CB04_2025"]
[SourceDate "2025.01.22"]
[SourceVersion "1"]
[SourceVersionDate "2025.01.22"]
[SourceQuality "1"]

1. e4 c5 2. Nf3 d6 3. d4 cxd4 4. Nxd4 Nf6 5. Nc3 a6 6. Bg5 Nbd7 7. f4 Qc7 8. Qe2 g6 9. Bxf6 Nxf6 10. e5 dxe5 11. fxe5 Ng4 12. e6 Bxe6 13. Nxe6 fxe6 14. Qxg4 1-0

[Event "Titled Tuesday intern op 14th Jan Early"]
[Site "Chess.com INT"]
[Date "2025.01.14"]
[Round "10"]
[White "Putnam, Liam H"]
[Black "Puzyrevsky, Semen"]
[Result "1-0"]
[WhiteElo "2397"]
[BlackElo "2278"]
[PlyCount "81"]
[EventDate "2025.01.14"]
[EventType "swiss (blitz)"]
[EventRounds "11"]
[EventCountry "USA"]
[SourceTitle "CB04_2025"]
[SourceDate "2025.01.22"]
[SourceVersion "1"]
[SourceVersionDate "2025.01.22"]
[SourceQuality "1"]

1. d4 d5 2. c4 e6 3. Nc3 c6 4. Nf3 Nf6 5. e3 Nbd7 6. a3 Bd6 7. Bd3 dxc4 8. Bxc4 b5 9. Ba2 Bb7 10. 0-0 0-0 11. e4 e5 12. Be3 Qe7 13. h3 Rfd8 14. Ng5 Rf8 15. f4 exf4 16. Bxf4 Bxf4 17. Rxf4 Nd5 18. Qh5 h6 19. Rxf7 Rxf7 20. Qxf7+ Qxf7 21. Nxf7 Kxf7 22. exd5 cxd5 23. Nxd5 Kg6 24. Rf1 Bxd5 25. Bxd5 Rf8 26. Be4+ Kg5 27. Bc6 Nf6 28. Bxb5 Rd8 29. Rd1 Kf4 30. Bc6 Rd6 31. Bf3 Ke3 32. d5 Nd7 33. Re1+ Kd4 34. Re7 g5 35. Re4+ Kc5 36. Ra4 a6 37. Kf2 Ne5 38. Be2 Rxd5 39. Ra5+ Kd4 40. Rxd5+ Kxd5 41. Bxa6 1-0

[Event "Edward Lasker Memorial 108th"]
[Site "New York"]
[Date "2024.12.15"]
[Round "6"]
[White "Putnam, Liam H"]
[Black "Matta, Nicholas F"]
[Result "1-0"]
[WhiteElo "2403"]
[BlackElo "2253"]
[PlyCount "79"]
[EventDate "2024.12.12"]
[EventType "swiss"]
[EventRounds "7"]
[EventCountry "USA"]
[SourceTitle "CB51_2024"]
[SourceDate "2024.12.18"]
[SourceVersion "1"]
[SourceVersionDate "2024.12.18"]
[SourceQuality "1"]

1. d4 Nf6 2. c4 e6 3. Nf3 d5 4. Nc3 c6 5. e3 Nbd7 6. Qc2 Bd6 7. Bd3 0-0 8. 0-0 dxc4 9. Bxc4 b5 10. Be2 Bb7 11. e4 e5 12. Rd1 exd4 13. Nxd4 Qc7 14. g3 b4 15. Nf5 Be5 16. Na4 c5 17. Ne7+ Kh8 18. Nd5 Nxd5 19. exd5 Rac8 20. Be3 c4 21. a3 c3 22. bxc3 bxc3 23. Rab1 Ba8 24. Rb4 a5 25. Rc4 Qb7 26. Nxc3 Rxc4 27. Bxc4 Rc8 28. Ne4 Qc7 29. Ng5 g6 30. Nxf7+ Kg8 31. Qa4 Kxf7 32. d6+ Qxc4 33. Qxd7+ Kf6 34. h4 g5 35. Qe7+ Kg6 36. Qxg5+ Kf7 37. Qe7+ Kg6 38. Qxe5 Qc6 39. h5+ Kf7 40. Qe7+ 1-0

[Event "Charlotte Fall GM"]
[Site "Charlotte"]
[Date "2024.11.26"]
[Round "9"]
[White "Han, Johnathan"]
[Black "Putnam, Liam H"]
[Result "1-0"]
[WhiteElo "2330"]
[BlackElo "2402"]
[PlyCount "85"]
[EventDate "2024.11.22"]
[EventType "tourn"]
[EventRounds "9"]
[EventCountry "USA"]
[EventCategory "8"]
[SourceTitle "CB49_2024"]
[SourceDate "2024.12.04"]
[SourceVersion "1"]
[SourceVersionDate "2024.12.04"]
[SourceQuality "1"]

1. e4 c6 2. d4 d5 3. Nd2 dxe4 4. Nxe4 Nf6 5. Nxf6+ exf6 6. c3 Bd6 7. Bd3 0-0 8. Ne2 Re8 9. 0-0 Na6 10. Ng3 Nc7 11. Qc2 g6 12. Bh6 f5 13. Rfe1 Be6 14. Qd2 Nd5 15. a3 b5 16. a4 bxa4 17. Rxa4 Qc7 18. b4 f6 19. Ra6 Bf7 20. Rea1 Re7 21. Nf1 Rae8 22. b5 cxb5 23. Bxb5 Rb8 24. c4 Bb4 25. Qd3 Nc3 26. Bc6 Rd8 27. d5 Ne4 28. Qf3 Bc5 29. Bf4 Qc8 30. Be3 Ng5 31. Qd1 Bxe3 32. Nxe3 Ne4 33. Qd4 f4 34. Nc2 f3 35. Rxa7 Re5 36. Ra8 Qg4 37. Rxd8+ Kg7 38. Ne3 Qh4 39. g3 Qh6 40. Ra7 Nxf2 41. Rxf7+ Kxf7 42. Qa7+ Re7 43. Be8+ 1-0

[Event "Charlotte Fall GM"]
[Site "Charlotte"]
[Date "2024.11.25"]
[Round "8"]
[White "Putnam, Liam H"]
[Black "Kunka, Harshid"]
[Result "1/2-1/2"]
[WhiteElo "2402"]
[BlackElo "2347"]
[PlyCount "68"]
[EventDate "2024.11.22"]
[EventType "tourn"]
[EventRounds "9"]
[EventCountry "USA"]
[EventCategory "8"]
[SourceTitle "CB49_2024"]
[SourceDate "2024.12.04"]
[SourceVersion "1"]
[SourceVersionDate "2024.12.04"]
[SourceQuality "1"]

1. e4 c6 2. d4 d5 3. e5 Bf5 4. Nf3 e6 5. Be2 Nd7 6. 0-0 a5 7. a4 f6 8. c4 fxe5 9. cxd5 cxd5 10. Bb5 Bg4 11. dxe5 Bc5 12. h3 Bh5 13. Nc3 Ne7 14. Bg5 0-0 15. Nxd5 Nxe5 16. Nxe7+ Bxe7 17. Qxd8 Nxf3+ 18. gxf3 Bxd8 19. Bxd8 Raxd8 20. Bc4 Bxf3 21. Bxe6+ Kh8 22. Rae1 Rd2 23. Re5 Rxb2 24. Rxa5 g6 25. Rb5 Rd2 26. Bg4 Bc6 27. Rb4 Ra2 28. Bd1 Kg7 29. Rd4 Rf5 30. h4 Re5 31. f3 Re3 32. Rf2 Rea3 33. Kg2 Ra1 34. Kg3 Bxa4 1/2-1/2

[Event "Charlotte Fall GM"]
[Site "Charlotte"]
[Date "2024.11.24"]
[Round "5"]
[White "Putnam, Liam H"]
[Black "Cordova, Emilio"]
[Result "0-1"]
[WhiteElo "2402"]
[BlackElo "2525"]
[PlyCount "100"]
[EventDate "2024.11.22"]
[EventType "tourn"]
[EventRounds "9"]
[EventCountry "USA"]
[EventCategory "8"]
[SourceTitle "CB49_2024"]
[SourceDate "2024.12.04"]
[SourceVersion "1"]
[SourceVersionDate "2024.12.04"]
[SourceQuality "1"]

1. e4 c5 2. Nf3 Nc6 3. d4 cxd4 4. Nxd4 Qb6 5. Nb3 Nf6 6. Nc3 e6 7. Qe2 Bb4 8. Bd2 0-0 9. a3 Be7 10. 0-0-0 d5 11. e5 Nd7 12. f4 a6 13. Qh5 Rd8 14. Bd3 Nf8 15. h4 Bd7 16. Rh3 Be8 17. Qe2 Rac8 18. f5 exf5 19. Bxf5 Ne6 20. Bg5 d4 21. Bxe7 Nxe7 22. Bxe6 fxe6 23. Ne4 Bb5 24. Qf2 Nf5 25. Kb1 Rd5 26. g4 Ne3 27. Rxd4 Rxd4 28. Nxd4 Qxd4 29. Qxe3 Qd1+ 30. Qc1 Qxg4 31. Re3 Qxh4 32. Nd6 Rf8 33. Nxb5 axb5 34. Qd2 h6 35. b3 Qf2 36. Qc3 Rd8 37. Kb2 Qd2 38. Qc7 Rd7 39. Qc8+ Kh7 40. Rf3 Qd4+ 41. Ka2 Re7 42. Rf8 Qxe5 43. Qd8 Rc7 44. Rh8+ Kg6 45. Qd3+ Kf7 46. Qh7 Qf5 47. Qg8+ Kg6 48. Qe8+ Qf7 49. Qxb5 Rxc2+ 50. Kb1 Rf2 0-1

[Event "Charlotte Fall GM"]
[Site "Charlotte"]
[Date "2024.11.22"]
[Round "2"]
[White "Bruzon Batista, Lazaro"]
[Black "Putnam, Liam H"]
[Result "1/2-1/2"]
[WhiteElo "2578"]
[BlackElo "2402"]
[PlyCount "68"]
[EventDate "2024.11.22"]
[EventType "tourn"]
[EventRounds "9"]
[EventCountry "USA"]
[EventCategory "8"]
[SourceTitle "CB49_2024"]
[SourceDate "2024.12.04"]
[SourceVersion "1"]
[SourceVersionDate "2024.12.04"]
[SourceQuality "1"]

1. d4 Nf6 2. c4 e6 3. g3 d5 4. Bg2 Bb4+ 5. Bd2 a5 6. Nf3 0-0 7. 0-0 dxc4 8. a3 Bxd2 9. Nbxd2 b5 10. b3 cxb3 11. Qxb3 c6 12. Rfc1 Bb7 13. Qb2 Qe7 14. Ne5 Rc8 15. Nb3 Nfd7 16. Nd3 a4 17. Nbc5 Nxc5 18. Rxc5 Na6 19. Rc2 c5 20. Bxb7 Qxb7 21. dxc5 Rc7 22. Rb1 Rb8 23. Qc3 Qc6 24. h4 h6 25. Qa5 Rcb7 26. f3 Rd7 27. Kg2 f6 28. Rcb2 Nc7 29. Rc1 Na6 30. Rcb1 Nc7 31. Kh2 e5 32. Rc1 Na6 33. Rcb1 Nc7 34. Rc1 Na6 1/2-1/2